Daňové ocenenie obchodného majetku
Majetok pre daňové účely. Ocenenie majetku obstarávacou cenou a reprodukčnou obstarávacou cenou. Ocenenie majetku zostatkovou cenou.
Saved in:
| Main Author: | |
|---|---|
| Format: | Book Chapter |
| Language: | Slovak |
| Subjects: | |
| Tags: |
No Tags, Be the first to tag this record!
|
MARC
| LEADER | 00000naa a2200000 4500 | ||
|---|---|---|---|
| 001 | 0224818 | ||
| 005 | 20231120131142.4 | ||
| 041 | 0 | |a slo | |
| 044 | |a SK | ||
| 245 | 1 | 0 | |a Daňové ocenenie obchodného majetku |c Miroslava Brnová |
| 520 | |a Majetok pre daňové účely. Ocenenie majetku obstarávacou cenou a reprodukčnou obstarávacou cenou. Ocenenie majetku zostatkovou cenou. | ||
| 610 | 2 | 0 | |a majetok obchodný |
| 610 | 2 | 0 | |a oceňovanie |
| 610 | 2 | 0 | |a zdaňovanie |
| 610 | 2 | 0 | |a ceny obstarávacie |
| 610 | 2 | 0 | |a ceny zostatkové |
| 100 | 1 | |a Brnová, Miroslava | |